Responses for show #7446 - Monday, January 16, 2017

Contestants

Mary Caruso, a registered nurse from Cherry Hill, New Jersey

John Avila, an attorney from Arlington, Virginia

Eli Nehus, an electrical engineer from Fayetteville, Arkansas (whose 1-day cash winnings total $6,227)

Jeopardy! Round responses

IT'S THE GENEVA CONVENTION
GOT YOUR NAME TAG?
AROUND THE HOUSE
OUT OF CON TEXT
(Alex: you have to name the prisons at work.)
LOTSA "LUCK"
A MOVIE TO DIE FOR
    $200 11
prisoners of war

Eli
    $200 18
Trafalgar

Mary
    $200 6
a toaster oven

Mary
    $200 20
Orange is the New Black

Eli
    $200 12
the luck of the Irish

John
    $200 1
Scarface

Eli
    $400 17
ambulances

Mary
    $400 19
the Nobel Peace Prize

Eli
    $400 7
a Barcalounger

Mary
    $400 21
(Mary: What is Shawshank?)
(John: What is The Shawshank Redemption?)

The Green Mile

EliJohnMary
    $400 13
happy-go-lucky

John
    $400 2
(Eli: What is Star Wars: The Force Awakens?)

Han Solo

Eli
Triple Stumper
    $600 25
(Alex: Less than a minute now.)

The Republic

Eli
    $600 8
an armoire

John
    $600 22
The Gulag Archipelago

Eli
    $600 14
Lucky Charms

Mary
    $600 3
Harvey Dent

John
    $1,500 28
(John: What is Zurich?)
...
[The end-of-round signal sounds.]

Bern

John
    $800 26
Haiti

John
    $800 9
Roman shades

Triple Stumper
    $800 23
The Count of Monte Cristo

Triple Stumper
    $800 15
(Eli: [*], punk? What is [*], punk?)

"Do you feel lucky?" (or "Do I feel lucky?")

Eli
    $800 4
The Untouchables

Eli
    $1000 27
Scourge of God

Triple Stumper
    $1000 10
a newel post

Triple Stumper
    $1000 24
Crime and Punishment

Eli
    $1000 16
(Eli: What is the luck of the draw?)

potluck

Eli
Triple Stumper
    $1000 5
Colin Firth

Eli

Scores at the first commercial break (after clue 15):

Eli John Mary
$2,600 $1,800 $1,200

Scores at the end of the Jeopardy! Round:

Eli John Mary
$4,800 $700 $1,400

Double Jeopardy! Round responses

CIVIL RIGHTS LEADERS
GEOMETRIC SHAPE RHYME TIME
THE EMMYS 1967
TECH TALK
ROOMS FULL OF CULTURE
"C"OUNTIES
    $400 11
Rosa Parks

John
    $400 16
a cone zone

Mary
    $400 3
Mission: Impossible

Eli
    $400 19
(John: What are hits?)
(Eli: What are views?)

traffic

EliJohn
Triple Stumper
    $400 1
(Eli: What is Chicago?)

Cook

EliJohn
    $800 12
(Frederick) Douglass

Mary
    $800 17
a square chair

Triple Stumper
    $800 4
Don Knotts

Eli
    $800 25
a pixel

Eli
    $4,500 29
(John: What is the British Museum?)
(Alex: No, what is [*] in Madrid.)
[The end-of-round signal sounds.]

the Prado

John
    $800 2
Cork

Mary
    $1200 13
Thurgood Marshall

Mary
    $1200 18
a near sphere

Eli
    $1200 5
The Monkees

John
    $1200 20
a SIM card

Eli
    $1200 28
recital

John
    $1,300 6
Crockett

John
    $1600 14
(Alex: Been in the news a lot this past year-- [*].)

John Lewis

Triple Stumper
    $1600 23
a cube lube

Triple Stumper
    $1600 8
(Mary: What is Animal Kingdom?)

Wild Kingdom

Mary
Triple Stumper
    $1600 21
(Mary: What is identification?)

authentication

JohnMary
    $1600 27
Tanglewood

John
    $1600 7
Cheshire

Mary
    $2000 15
(Medgar) Evers

Mary
    $2000 24
trapezoid void

Triple Stumper
    $2000 9
Get Smart

Mary
    $2000 22
jailbreaking

John
    $2000 26
(Alex: Less than a minute to deal with the last four clues.)

the Brooklyn Academy of Music

Triple Stumper
    $2000 10
Cuyahoga

John

Scores at the end of the Double Jeopardy! Round:

Eli John Mary
$8,400 $7,500 $7,000

[wagering suggestions for these scores]

Final Jeopardy! Round responses

20th CENTURY HISTORY
(Alex: [To Mary] Those are three villages in Ukraine.)
MaryWhat is nuclear disaster at Chernobyl?
$6,950
JohnWhat is the Chernobyl Disaster?
$6,501
EliWhat is Rwandan Genocide
$7,000
nuclear disaster at Chernobyl

Final scores:

Eli John Mary
$1,400 $14,001 $13,950
3rd place: $1,000 New champion: $14,001 2nd place: $2,000

Game dynamics:

Coryat scores:

Eli John Mary
$8,400 $13,400 $7,000
16 R,
4 W
14 R
(including 1 DD),
4 W
(including 2 DDs)
12 R,
3 W

Combined Coryat: $28,800

The J! Archive is created by fans, for fans. The Jeopardy! game show and all elements thereof, including but not limited to copyright and trademark thereto, are the property of Jeopardy Productions, Inc. and are protected under law. This website is not affiliated with, sponsored by, or operated by Jeopardy Productions, Inc. Join the discussion at JBoard.tv.